धागे आडवे उभे. (Record no. 260348)

MARC details
000 -LEADER
fixed length control field 00575nam a2200181Ia 4500
008 - FIXED-LENGTH DATA ELEMENTS--GENERAL INFORMATION
fixed length control field 090630s9999 xx 000 0 und d
082 ## - DEWEY DECIMAL CLASSIFICATION NUMBER
Item number 8492
100 ## - MAIN ENTRY--PERSONAL NAME
Personal name अवचट अनिल.
245 ## - TITLE STATEMENT
Title धागे आडवे उभे.
Statement of responsibility, etc अवचट अनिल.
260 ## - PUBLICATION, DISTRIBUTION, ETC. (IMPRINT)
Name of publisher, distributor, etc मॅजेस्टीक.
Date of publication, distribution, etc 1986
300 ## - PHYSICAL DESCRIPTION
Extent 156
600 ## - SUBJECT ADDED ENTRY--PERSONAL NAME
Personal name अवचट अनिल.
630 ## - SUBJECT ADDED ENTRY--UNIFORM TITLE
Uniform title धागे आडवे उभे.
655 ## - INDEX TERM--GENRE/FORM
Genre/form data or focus term लघुकथा.
700 ## - ADDED ENTRY--PERSONAL NAME
Personal name अवचट अनिल.
730 ## - ADDED ENTRY--UNIFORM TITLE
Uniform title धागे आडवे उभे.
942 ## - ADDED ENTRY ELEMENTS (KOHA)
Koha item type Book
Holdings
Withdrawn status Lost status Damaged status Not for loan Home library Current library Date acquired Cost, normal purchase price Total Checkouts Full call number Barcode Date last seen Cost, replacement price Price effective from Koha item type
        Sarvajanik Wachanalaya Shrivardhan Sarvajanik Wachanalaya Shrivardhan   40.00   8492 SAWASHRI-8492 06/30/2009 40.00 06/30/2009 Book